| 000 | 00414nam a2200169 i 4500 | ||
|---|---|---|---|
| 001 | bg | ||
| 100 | 1 | _aBAHER, H. | |
| 245 | 0 |
_aSynthesis of electrical networks / _cH.Baher. |
|
| 260 |
_aChichester : _bJohn Wiley and Sons, _c1984. |
||
| 020 | _a047190399x | ||
| 040 | _cBPK | ||
| 041 | _apol | ||
| 080 | _a621.38:621.31 | ||
| 920 | _a0-471-90399-x | ||
| 942 | _cKS | ||
| 008 | s pl f |000 0 pol | ||
| 999 |
_c23989 _d23989 |
||
| 856 |
_uhttp://koha.tu.koszalin.pl/cgi-bin/koha/opac-detail.pl?biblionumber=23989 _yKatalog online BPK |
||